| 000 | 00538nam a22001697a 4500 | ||
|---|---|---|---|
| 082 |
_a629.28 _bMEC _cL-13, P-37 |
||
| 100 |
_aCommand of the Army Council, _944412 |
||
| 245 | _aMechanical vehicle training Vol - II | ||
| 260 |
_bCommand of the Army Council, _cc1953 |
||
| 300 |
_aiv, 495p; _bill;: _c18cm |
||
| 526 |
_a0 _b0 _c0 _d629_280000000000000_MEC |
||
| 526 |
_a0 _b0 _c0 _d629_280000000000000_MEC |
||
| 526 |
_a0 _b0 _c0 _d629_280000000000000_MEC |
||
| 526 |
_a0 _b0 _c0 _d629_280000000000000_MEC |
||
| 650 |
_aMCE _9379 |
||
| 942 |
_2ddc _cBK |
||
| 999 |
_c548203 _d548203 |
||